000 00963 a2200229 4500
008 240605b mp ||||| |||| 00| 0 mon d
020 _a978-99973-1-099-6
035 _a4721
040 _aHE0623081
_bmon
_cMN-UlNLM
_dMN-UlNLM
_erda
041 _amon
042 _a7906
084 _2NNA
_a87.22
_bД.893
100 _aТрэси Тёнор.,Андрей Миллс.,Клив Гиффорд
245 0 _aДэлхийн түүхийг бүтээсэн 100 нээлт
264 _aУБ.
_bМонсудар хэвлэлийн газар
_c2014
300 _a178х.
336 _2rdacontent
_atext
_btxt
337 _2rdamedia
_aunmediated
_bn
338 _2rdacarrier
_avolume
_bnc
650 _aЭнэхүү бүтээлд манай гарагийн хамгийн агуу санаанууд хэрхэн бүтээл болсон тухай хүн бүрийн төдийлөн мэддэггүй сонирхолтой түүхий...
942 _2NNA
_cBK
999 _c877107
_d877164